| 000 | 01100cam a2200313 a 4500 | ||
|---|---|---|---|
| 001 | 15340354 | ||
| 003 | ARRUPE | ||
| 005 | 20211020093228.0 | ||
| 008 | 080623s2008 enk b 001 0 eng d | ||
| 010 | _a 2008297641 | ||
| 015 |
_aGBA793555 _2bnb |
||
| 016 | 7 |
_a014342287 _2Uk |
|
| 020 | _a9781847061737 (hbk.) | ||
| 020 | _a1847061737 (hbk.) | ||
| 035 | _a(OCoLC)ocn181422981 | ||
| 040 |
_aUKM _cUKM _dBAKER _dBTCTA _dYDXCP _dBWKUK _dBWX _dOCLCQ _dDLC |
||
| 042 | _alccopycat | ||
| 050 | 0 | 0 |
_aB837 _b.G735 2008 |
| 100 | 1 |
_aGrayling, A. C. _95558 |
|
| 245 | 1 | 0 |
_aScepticism and the possibility of knowledge / _cA.C. Grayling. |
| 246 | 3 | _aSkepticism and the possibility of knowledge | |
| 260 |
_aLondon ; _aNew York : _bContinuum, _c2008. |
||
| 300 |
_axv, 208 p. ; _c23 cm. |
||
| 504 | _aIncludes bibliographical references and index. | ||
| 650 | 0 |
_aSkepticism. _9499 |
|
| 906 |
_a7 _bcbc _ccopycat _d2 _encip _f20 _gy-gencatlg |
||
| 942 |
_2lcc _cMONOGRAPH |
||
| 999 |
_c130938 _d130938 |
||